BIBLIOTECA

SENCICO

Topografía y sistemas de Información / (Registro nro. 533)

Detalles MARC
000 -LEADER
Campo de control de longitud fija 01376nam a2200325Ia 4500
003 - IDENTIFICADOR DEL NÚMERO DE CONTROL
Campo de control PE SENCICO BE
005 - FECHA Y HORA DE LA ÚLTIMA TRANSACCIÓN
Campo de control 20260218163057.0
008 - ELEMENTOS DE LONGITUD FIJA - INFORMACIÓN GENERAL
Campo de control de longitud fija 200515s9999 xx 000 0 und d
020 ## - ISBN
ISBN 84-95279-37-1
040 ## - FUENTE DE CATALOGACIÓN
Agencia que realiza la transcripción PE SENCICO BE
Origen de catalogación PE SENCICO BE
041 ## - CÓDIGO DE IDIOMA
Idioma del texto spa
082 ## - NÚMERO DE CLASIFICACIÓN DECIMAL DEWEY
Código de Clasificación Dewey 526.9
Notación Interna M26O
100 ## - ASIENTO PRINCIPAL--NOMBRE PERSONAL
Autor Personal Martínez Marín, Rubén
245 10 - MENCIÓN DEL TITULO
Título Topografía y sistemas de Información /
Mención de responsabilidad Rubén Martinez Marín
250 ## - MENCIÓN DE EDICIÓN
Edición 1a ed.
260 ## - PUBLICACIÓN, DISTRIBUCIÓN, ETC. (PIE DE IMPRENTA)
Lugar de publicación, distribución, etc. Madrid :
Nombre de la Editorial, Distribuidor, etc. Bellisco,
Fecha de publicación, distribución, etc. 2000
300 ## - DESCRIPCIÓN FÍSICA
Paginación viii, 238, xxxii páginas :
Otros detalles físicos ilustraciones, gráficos ;
Dimensión 24 cm.
440 ## - MENCIÓN DE SERIE / TÍTULO DE COLECCIÓN
Título de la colección o serie Biblioteca Técnica Universitaria
9 (RLIN) 63
Número de colección o serie 5
504 ## - NOTA DE BIBLIOGRAFÍA, ETC.
Bibliografía (rango de páginas) Bibliografía: p. [xix]-xxi
505 0# - NOTA DE CONTENIDO CON FORMATO PREESTABLECIDOE
Contenido o índice Teoría general de errores – Observaciones astronómicas – Introducción a la geodesia – Topografía: Metodología – Instrumentación – Fotogrametría: metodología – Sistemas gráficos: CAD aplicado a la cartografía – Modelos digitales del terreno – Sistemas de información geográfica – La topografía en la ingeniería: ejemplos y aplicaciones
650 10 - ASIENTO SECUNDARIO DE MATERIA - TERMINO TEMÁTICO
Término de tema o elemento de entrada de nombre geográfico Topografía
9 (RLIN) 245
650 20 - ASIENTO SECUNDARIO DE MATERIA - TERMINO TEMÁTICO
Término de tema o elemento de entrada de nombre geográfico Geodesia
9 (RLIN) 246
650 20 - ASIENTO SECUNDARIO DE MATERIA - TERMINO TEMÁTICO
Término de tema o elemento de entrada de nombre geográfico Sistemas de Información Geográfica (SIG)
9 (RLIN) 247
650 20 - ASIENTO SECUNDARIO DE MATERIA - TERMINO TEMÁTICO
Término de tema o elemento de entrada de nombre geográfico Fotogrametría
9 (RLIN) 248
650 20 - ASIENTO SECUNDARIO DE MATERIA - TERMINO TEMÁTICO
Término de tema o elemento de entrada de nombre geográfico Instrumentos de topografía
9 (RLIN) 249
650 20 - ASIENTO SECUNDARIO DE MATERIA - TERMINO TEMÁTICO
Término de tema o elemento de entrada de nombre geográfico Diseño asistido por computador
9 (RLIN) 250
900 ## - EQUIVALENCIA O NOMBRE PERSONAL DE REFERENCIA
Número de Ingreso 14537
910 ## - RESPONSABLE DEL REGISTRO
Coordinador de procesamiento de la información acaceresg
942 ## - ELEMENTOS DE KOHA
Tipo de documento Libros
Fuente de clasificación o esquema de estanterías Dewey Decimal Classification
999 ## -
-- 533
-- 533
Existencias
Estado Retiro Estado Perdido Sistema de Clasificación o Esquema de Estantería Estado Dañado No es para préstamo Ubicación Permanente Ubicación Actual Fecha de adquisición Total Checkouts Signatura topográfica completa Código de Barras Date last seen Precio efectivo desde Tipo de ítem
    Dewey Decimal Classification     Biblioteca Central Lima Biblioteca Central Lima 15/05/2020   526.9/M26O BibLima25112550 15/05/2020 15/05/2020 Libros